000 00436pab a2200157 454500
008 180718b1997 xxu||||| |||| 00| 0 eng d
100 _aChowdhry, Prem
245 _aEnforcing cultural codes: gender and violence in Northern India
260 _c1997
300 _ap.1019-028
362 _a10 May
650 _aSocial problems - India, North
650 _aSocial problems
773 _aEconomic and Political Weekly
909 _a34180
999 _c34180
_d34180